000 00686nam a2200205 i 4500
001 91720
003 ES-MaACL
005 20250809063511.0
007 t|
008 050209s1977 sp ||||1| spa d
080 _a9(=411.16:460.315 Orihuela)
100 1 _aVilar, Juan Bautista,
_d1941-2018
_9114797
245 1 3 _aLa judería medieval de Orihuela (Alicante) /
_cJuan Bta. Vilar.
260 _aMadrid :
_b[s.n.,
_c1973]
300 _ap. [175]-186 ;
_c24 cm.
500 _aSeparata de: Boletín de la Asociación Española de Orientalistas, año XIII, 1977.
650 1 4 _aJudíos-
_zOrihuela.
_914003
852 _aES-MaACL
_j2186-F-26
_bR.135365
999 _c91720
_d91720